00335nam a2200121Ia 4500008004100000041000800041082001600049100001600065245004500081260004500126300003300171365000900204240624s9999 xx 000 0 und d aeng a658.155 OSB aOSBAND KENT aPANDORA S RISK UNCERTAINTY AT THE CORE O c2011aNew YorkbColunbia Business School axviii, : 283 : p. : cm. ; 23 cb25